000 00725nam a2200253Ia 4500
003 OSt
005 20220918165440.0
006 a|||||r|||| 00| 0
007 ta
008 220917b |||||||| |||| 00| 0 eng d
020 _a81 250 2022 5
024 _a202,209
037 _cTextual
040 _aARTS
_cARTS
_beng
041 _2eng
_aeng
082 _aO111944:g, P2
100 _aDevy G N Ed.
_924224
245 0 _aIndian literary criticism
_b Theory and interpretation
260 _aHyderabad
_bOrient Longman India
_c2002
300 _axvi, 430p
_ccm.
650 _aINDIAN LITERATURE; ENGLISH LITERATURE
_917246
942 _hO111944:g, P2
_cTEXL
_2CC
999 _c129822
_d129822